[Event "Guernsey Holiday"]
[Site "GCI"]
[Date "2005.10.19"]
[Round "4"]
[White "Biswas, Karl"]
[Black "Haisma, Henk"]
[Result "1-0"]
[WhiteElo "1680"]
[BlackElo "1654"]
[PlyCount "83"]
[EventDate "2005.10.16"]

1. d4 d5 2. c4 c6 3. Nc3 Nf6 4. Nf3 e6 5. e3 Bd6 6. Qc2 Nbd7 7. g4 g6 8. g5 Nh5
9. Bd2 f5 10. O-O-O dxc4 11. Bxc4 Nb6 12. Be2 Bd7 13. e4 Ng7 14. e5 Bb4 15. Nb1
Bxd2+ 16. Nbxd2 Qe7 17. Nc4 Nxc4 18. Qxc4 Kf7 19. Qc5 Ne8 20. Qxe7+ Kxe7 21.
Nd2 Rc8 22. Kb1 Rc7 23. Rc1 Ng7 24. f4 Rhc8 25. Nc4 Ne8 26. Bf3 Rb8 27. h4 b5
28. Ne3 Rcc8 29. h5 Ng7 30. h6 Ne8 31. Rc5 a6 32. Rhc1 Rb6 33. d5 exd5 34. Bxd5
Rc7 35. e6 Bxe6 36. Bxe6 Kxe6 37. Nd5 Rbb7 38. Nxc7+ Rxc7 39. Rxc6+ Kd7 40.
Rxg6 Rxc1+ 41. Kxc1 Ke7 42. Rxa6 1-0

[Event "Guernsey Holiday"]
[Site "GCI"]
[Date "2005.10.19"]
[Round "4"]
[White "Cross, Ian K"]
[Black "Muller, Anton"]
[Result "1-0"]
[WhiteElo "1544"]
[BlackElo "1560"]
[PlyCount "63"]
[EventDate "2005.10.16"]

1. d4 Nf6 2. e3 g6 3. Nf3 Bg7 4. Bd3 O-O 5. O-O c5 6. c3 d6 7. Nbd2 Nc6 8. Qe2
e5 9. dxe5 dxe5 10. e4 Nh5 11. Nb3 b6 12. Rd1 Qc7 13. Bd2 Kh8 14. Re1 f5 15.
Rad1 fxe4 16. Bxe4 Bg4 17. h3 Bxf3 18. Bxf3 Nf4 19. Bxf4 Rxf4 20. Nd2 Raf8 21.
Ne4 Ne7 22. Rd2 Qc8 23. Bg4 Qb7 24. Rd7 Rxe4 25. Rxb7 Rxe2 26. Rxe2 Nc6 27. Bf3
Na5 28. Rxa7 Rd8 29. Ra8 Rxa8 30. Bxa8 Kg8 31. Bd5+ Kf8 32. b4 1-0

[Event "Guernsey Holiday"]
[Site "GCI"]
[Date "2005.10.19"]
[Round "4"]
[White "Bakkes, Frits"]
[Black "Ince, Darren"]
[Result "1/2-1/2"]
[WhiteElo "1639"]
[BlackElo "1552"]
[PlyCount "57"]
[EventDate "2005.10.16"]

1. d4 d5 2. e4 e6 3. Nc3 Bb4 4. e5 c5 5. f4 Qb6 6. Be3 Nc6 7. dxc5 Bxc5 8. Bxc5
Qxc5 9. Nf3 Qe3+ 10. Be2 Qxf4 11. Nb5 Ke7 12. c4 Nxe5 13. Nxe5 Qxe5 14. cxd5
Qxd5 15. Qxd5 exd5 16. Nc7 Rb8 17. Nxd5+ Kf8 18. O-O Ne7 19. Bf3 b6 20. Rac1
Be6 21. Nxe7 Kxe7 22. Rc7+ Kd6 23. Rxa7 Rhc8 {(=)} 24. Rd1+ Ke5 25. Ra4 Rc4 26.
Ra3 Rc2 27. Re1+ Kf6 28. b3 Rd8 29. Rf1 1/2-1/2

[Event "Guernsey Holiday"]
[Site "GCI"]
[Date "2005.10.19"]
[Round "4"]
[White "Collier, Michael J"]
[Black "Smith, Paul"]
[Result "0-1"]
[WhiteElo "1520"]
[BlackElo "1616"]
[PlyCount "74"]
[EventDate "2005.10.16"]

1. d4 Nf6 2. c4 e6 3. Nc3 Bb4 4. Bd2 O-O 5. e3 c5 6. dxc5 Bxc5 7. Nf3 Nc6 8.
Be2 Ne7 9. a3 Ng6 10. O-O d5 11. b4 Be7 12. c5 a6 13. Qc2 Bd7 14. Bd3 Ne8 15.
Rad1 f5 16. Ne1 Nf6 17. Na4 Bb5 18. Nb6 Bxd3 19. Nxd3 Rb8 20. Bc3 Nd7 21. Nxd7
Qxd7 22. Ne5 Qe8 23. Nxg6 Qxg6 24. Qe2 Bf6 25. Bxf6 Qxf6 26. Rd4 Qe7 27. Rfd1
a5 28. R4d2 axb4 29. axb4 Rfc8 30. Rc2 Qd7 31. e4 fxe4 32. Qxe4 Qf7 33. Qe5 Qf6
34. Qe1 Ra8 35. Re2 Rc6 36. Rxd5 exd5 37. Re8+ Rxe8 0-1

[Event "Guernsey Holiday"]
[Site "GCI"]
[Date "2005.10.19"]
[Round "4"]
[White "Kearsley, Raymond J"]
[Black "Van Beek, Ronald"]
[Result "1-0"]
[WhiteElo "1608"]
[BlackElo "1375"]
[PlyCount "41"]
[EventDate "2005.10.16"]

1. e4 e6 2. d3 d5 3. Nd2 Bc5 4. Ngf3 Nc6 5. g3 Nge7 6. Bg2 f6 7. O-O e5 8. exd5
Nxd5 9. Ne4 Be7 10. h3 Bf5 11. Nh4 Qd7 12. Nxf5 Qxf5 13. c3 O-O-O 14. b4 Nxc3
15. Nxc3 Nxb4 16. Qa4 a6 17. Be3 Nxd3 18. Rab1 c6 19. Bxc6 Qe6 20. Bxb7+ Kc7
21. Bb6+ 1-0

[Event "Guernsey Holiday"]
[Site "GCI"]
[Date "2005.10.19"]
[Round "4"]
[White "Rowe, Oliver"]
[Black "Foster, Paul"]
[Result "1/2-1/2"]
[WhiteElo "1530"]
[BlackElo "1608"]
[PlyCount "45"]
[EventDate "2005.10.16"]

1. e4 d5 2. exd5 Qxd5 3. Nc3 Qa5 4. Nf3 Nf6 5. Bc4 Bf5 6. d3 c6 7. O-O e6 8.
Bd2 Qc7 9. Qe2 Bd6 10. Ne4 Bxe4 11. dxe4 Nbd7 12. Bc3 Bf4 13. Rad1 O-O-O 14.
Bd2 Bxd2 15. Rxd2 Nb6 16. Rfd1 Rxd2 17. Rxd2 Nxc4 18. Qxc4 Qf4 19. Qd4 Qxe4 20.
Qxa7 Nd7 21. Qd4 Qxd4 22. Rxd4 e5 23. Rg4 1/2-1/2

[Event "Guernsey Holiday"]
[Site "GCI"]
[Date "2005.10.19"]
[Round "4"]
[White "Hale, Ronald"]
[Black "Hearty, Ray"]
[Result "0-1"]
[WhiteElo "1424"]
[BlackElo "1479"]
[PlyCount "104"]
[EventDate "2005.10.16"]

1. d4 d5 2. e3 f5 3. c3 e6 4. Nf3 Nf6 5. Nbd2 c6 6. Ne5 Nbd7 7. Ndf3 Ne4 8.
Nxd7 Bxd7 9. g3 Bd6 10. Ne5 O-O 11. f3 Ng5 12. h4 Nf7 13. f4 Nxe5 14. dxe5 Be7
15. Qe2 b5 16. Bd2 a5 17. Bg2 c5 18. O-O c4 19. Rfd1 Bc5 20. Be1 Qe7 21. Bf2 b4
22. Rxd5 exd5 23. Bxd5+ Be6 24. Bxa8 Rxa8 25. Rd1 Rd8 26. Rd2 Rxd2 27. Qxd2 Qd7
28. Be1 Qxd2 29. Bxd2 bxc3 30. bxc3 Kf7 31. Kf2 h5 32. Bc1 g6 33. a3 Ke7 34.
Ke2 Kd7 35. Kd2 Kc6 36. Kc2 Kd5 37. Kd2 Ke4 38. Ke2 Bd7 39. Bb2 Ba4 40. Bc1 Bc2
41. Kf2 Bd3 42. Ke1 Kf3 43. Kd1 Kxg3 44. Bd2 Kxh4 45. Be1+ Kg4 46. Bf2 Be4 47.
Ke2 Bxa3 48. Be1 Bc5 49. Bd2 h4 50. Kf2 h3 51. Kg1 a4 52. Bc1 Kg3 0-1

[Event "Guernsey Holiday"]
[Site "GCI"]
[Date "2005.10.19"]
[Round "4"]
[White "Forbes, Garry"]
[Black "Dokter, Marike"]
[Result "1/2-1/2"]
[WhiteElo "1660"]
[BlackElo "1416"]
[PlyCount "55"]
[EventDate "2005.10.16"]

1. Nf3 d6 2. d4 g6 3. e3 Bg7 4. Be2 Nc6 5. O-O Nf6 6. b3 O-O 7. Bb2 e6 8. c4 b6
9. Nc3 Bb7 10. Qc2 Nb4 11. Qc1 c5 12. a3 Nc6 13. Rd1 Qe7 14. Qc2 a6 15. Rd2
cxd4 16. exd4 Rfd8 17. Rad1 d5 18. Ne5 dxc4 19. Nxc6 Bxc6 20. bxc4 Qb7 21. f3
Nh5 22. d5 exd5 23. cxd5 Bd7 24. Bd3 Rac8 25. Qb3 Nf4 26. Be4 b5 27. d6 Qb6+
28. Kh1 1/2-1/2

[Event "Guernsey Holiday"]
[Site "GCI"]
[Date "2005.10.19"]
[Round "4"]
[White "Palmer, Eric"]
[Black "Collins, Alan"]
[Result "1/2-1/2"]
[WhiteElo "1555"]
[BlackElo "1528"]
[PlyCount "45"]
[EventDate "2005.10.16"]

1. e4 c6 2. d4 d5 3. e5 Bf5 4. Bd3 Bxd3 5. Qxd3 e6 6. Nf3 Ne7 7. Bg5 Qb6 8. b3
c5 9. Nc3 cxd4 10. Qb5+ Nec6 11. Qxb6 axb6 12. Nb5 Kd7 13. Nbxd4 Nxd4 14. Nxd4
Bb4+ 15. Bd2 Ba3 16. Bc3 Be7 17. a4 Nc6 18. Nf3 Rhc8 19. Kd2 f5 20. Bb2 g5 21.
h4 g4 22. Nd4 h5 23. Ne2 1/2-1/2

[Event "Guernsey Holiday"]
[Site "GCI"]
[Date "2005.10.19"]
[Round "4"]
[White "Holcombe, Charles"]
[Black "Rietveld, Andre"]
[Result "0-1"]
[WhiteElo "1368"]
[BlackElo "1538"]
[PlyCount "64"]
[EventDate "2005.10.16"]

1. d4 d5 2. c4 c6 3. Nc3 Nf6 4. h3 e6 5. Nf3 Be7 6. Qc2 Nbd7 7. Bf4 a6 8. a4
Bb4 9. e3 Ne4 10. Nd2 Bxc3 11. bxc3 Nxd2 12. Qxd2 Nf6 13. Bg5 h6 14. Bf4 O-O
15. Bd3 dxc4 16. Bxc4 Ne4 17. Qc2 Nd6 18. Ba2 f5 19. O-O Rf6 20. c4 Rg6 21.
Bxd6 Qxd6 22. c5 Qe7 23. Qxf5 Kh7 24. Qh5 Rg5 25. Qe2 e5 26. Qc4 Bxh3 27. Qg8+
Rxg8 28. Bxg8+ Kxg8 29. g3 Bxf1 30. Rxf1 exd4 31. exd4 Qe4 32. Rd1 Rh5 0-1

[Event "Guernsey Holiday"]
[Site "GCI"]
[Date "2005.10.19"]
[Round "4"]
[White "Nalichowski, Bogdan"]
[Black "Boogaard, Leen"]
[Result "0-1"]
[WhiteElo "1480"]
[BlackElo "1570"]
[PlyCount "106"]
[EventDate "2005.10.16"]

1. e4 e6 2. d4 d5 3. exd5 exd5 4. h3 Nf6 5. Nc3 c6 6. Bd3 Bb4 7. Bd2 b6 8. Nf3
Bxc3 9. Bxc3 O-O 10. O-O Ba6 11. Re1 Bxd3 12. Qxd3 Nbd7 13. b4 b5 14. Bd2 h6
15. Rad1 Re8 16. Nh4 Ne4 17. Nf3 Nxd2 18. Rxd2 Rxe1+ 19. Nxe1 Qe7 20. Qe3 Qxb4
21. c3 Qf8 22. Re2 Nf6 23. f3 Re8 24. Qd2 Rxe2 25. Qxe2 Qa3 26. Qd2 Nd7 27. Nd3
Qd6 28. Nb4 Nb6 29. Qe3 Kf8 30. Qe5 Qxe5 31. dxe5 c5 32. Na6 Na4 33. Nxc5 Nxc5
34. g3 Na4 35. Kf2 Nxc3 36. Ke3 Na4 37. Kd4 a5 38. a3 b4 39. axb4 axb4 40. Kd3
b3 41. Kd2 Ke7 42. f4 d4 43. f5 b2 44. Kc2 d3+ 45. Kb1 d2 46. Kc2 d1=Q+ 47.
Kxd1 b1=Q+ 48. Ke2 Qe4+ 49. Kf2 Qxf5+ 50. Kg2 Nc5 51. e6 Ne4 52. h4 Qf2+ 53.
Kh1 Nxg3# 0-1

[Event "Guernsey Holiday"]
[Site "GCI"]
[Date "2005.10.19"]
[Round "4"]
[White "Woodward, Pauline"]
[Black "Nalichowski, Seb"]
[Result "0-1"]
[WhiteElo "1296"]
[BlackElo "1550"]
[PlyCount "62"]
[EventDate "2005.10.16"]

1. e4 e6 2. d4 d5 3. exd5 exd5 4. c4 Nf6 5. cxd5 Nxd5 6. Bc4 Be7 7. Nf3 O-O 8.
O-O Bg4 9. h3 Bh5 10. Nc3 Nb6 11. Be2 Bf6 12. Be3 Re8 13. Qd2 Nc6 14. Rad1 Nd5
15. Nxd5 Qxd5 16. a3 Rad8 17. Rfe1 Re4 18. Qc1 Nxd4 19. Bc4 Qxc4 20. Nxd4 Qxc1
21. Bxc1 Rxe1+ 22. Rxe1 Bxd4 23. Bf4 Bb6 24. Kh2 Bxf2 25. Re7 Bb6 26. Bxc7
Bxc7+ 27. Rxc7 Rb8 28. b4 Kf8 29. a4 Ke8 30. g4 Bg6 31. h4 a6 0-1

[Event "Guernsey Holiday"]
[Site "GCI"]
[Date "2005.10.19"]
[Round "4"]
[White "Cox, Reginald E"]
[Black "Harnden, Terry"]
[Result "1/2-1/2"]
[WhiteElo "1120"]
[BlackElo "1505"]
[PlyCount "109"]
[EventDate "2005.10.16"]

1. Nf3 c5 2. c4 d6 3. Nc3 Nf6 4. d4 cxd4 5. Nxd4 g6 6. e4 Nc6 7. Be3 Bg7 8. Be2
O-O 9. O-O a6 10. Nxc6 bxc6 11. Qc1 Bg4 12. Re1 Bxe2 13. Rxe2 Qc8 14. Bh6 Ng4
15. Bxg7 Kxg7 16. h3 Ne5 17. Qd1 Kg8 18. b3 Nd7 19. Rd2 Nf6 20. f3 Nh5 21. Ne2
c5 22. Qe1 a5 23. g4 Ng7 24. Nc3 Ne6 25. Nd5 Qd8 26. Kg2 Nd4 27. Qh4 f6 28. f4
Ne6 29. f5 g5 30. Qf2 Nd4 31. Rh1 Kg7 32. h4 h6 33. h5 Rb8 34. Rb1 Nc6 35. Nc3
Ne5 36. Qg3 Rb7 37. Nb5 Qb8 38. a4 Rd8 39. Rd5 Nf7 40. Rbd1 Rbd7 41. Kh3 Ne5
42. R1d2 Nc6 43. R5d3 Nb4 44. Re3 Nc6 45. Red3 Ne5 46. Re3 Qb7 47. Rd5 Qb8 48.
Kh2 Nc6 49. Rd2 Ne5 50. Kh3 Nc6 51. Rd5 Nb4 52. Rd2 Nc6 53. Rd5 Kf7 54. Rd2 Ne5
55. Rd5 1/2-1/2

[Event "Guernsey Holiday"]
[Site "GCI"]
[Date "2005.10.19"]
[Round "4"]
[White "O'Connor, Jonathan"]
[Black "Stoop, Michael"]
[Result "1-0"]
[WhiteElo "1605"]
[BlackElo "1208"]
[PlyCount "45"]
[EventDate "2005.10.16"]

1. e4 d5 2. exd5 Nf6 3. c4 e6 4. dxe6 Bxe6 5. Nf3 Nc6 6. d4 Bb4+ 7. Nc3 Ne4 8.
Bd2 Nxd4 9. Nxe4 Nxf3+ 10. Qxf3 Qe7 11. Bxb4 Qxb4+ 12. Qc3 Qe7 13. O-O-O O-O
14. h4 a6 15. Bd3 c5 16. Ng5 g6 17. Nxe6 Qxe6 18. h5 b5 19. h6 f6 20. cxb5 axb5
21. Bxb5 Qb6 22. Bc4+ Kh8 23. Rd2 1-0

[Event "Guernsey Holiday"]
[Site "GCI"]
[Date "2005.10.19"]
[Round "4"]
[White "Herschmann, Heinz"]
[Black "Le Maitre, Richard"]
[Result "1/2-1/2"]
[WhiteElo "1328"]
[BlackElo "1420"]
[PlyCount "66"]
[EventDate "2005.10.16"]

1. e4 c5 2. Nf3 d6 3. d4 cxd4 4. Nxd4 Nf6 5. Nc3 a6 6. h3 Nc6 7. Nxc6 bxc6 8.
Be2 Bb7 9. Bf3 g6 10. O-O Bg7 11. Re1 O-O 12. Rb1 Nd7 13. Ne2 Ne5 14. Ng3 c5
15. b3 Qd7 16. Bg4 Nxg4 17. Qxg4 Qxg4 18. hxg4 Be5 19. Nf1 Bc8 20. f3 a5 21.
Bb2 Bxb2 22. Rxb2 Rb8 23. Reb1 Be6 24. c4 Rb6 25. Nd2 Rfb8 26. a4 Bd7 27. Ra2
Kg7 28. Kf2 Rh8 29. Rh1 h6 30. Ke3 Rh7 31. Raa1 Rb8 32. Rh2 g5 33. Rah1 e5
1/2-1/2

[Event "Guernsey Holiday"]
[Site "GCI"]
[Date "2005.10.20"]
[Round "5"]
[White "Biswas, Karl"]
[Black "Carlucci, Paul A"]
[Result "1/2-1/2"]
[WhiteElo "1680"]
[BlackElo "1744"]
[PlyCount "128"]
[EventDate "2005.10.16"]

1. Nf3 d5 2. d4 Nf6 3. Bg5 h6 4. Bh4 e6 5. e3 Be7 6. c4 O-O 7. Nc3 c6 8. Rc1
Nbd7 9. Qb3 a5 10. Bd3 dxc4 11. Bxc4 Nb6 12. Bd3 a4 13. Qc2 a3 14. b3 Nbd5 15.
Nxd5 exd5 16. O-O Bg4 17. Ne5 g5 18. Bg3 Bd7 19. Bf5 Bc8 20. f4 g4 21. Bh4 h5
22. Bxc8 Rxc8 23. Qf5 g3 24. Qg5+ Kh8 25. Qh6+ Nh7 26. Bxe7 gxh2+ 27. Kxh2 Qxe7
28. Rf3 Rg8 29. Rh3 Rg7 30. Qxh5 Rcg8 31. Rg1 f6 32. Nd3 Qe4 33. Ne1 b6 34. Qe2
c5 35. dxc5 bxc5 36. Qd3 Qe6 37. Rh1 c4 38. bxc4 dxc4 39. Qxa3 Qe4 40. Qb2 c3
41. Qe2 Rd8 42. Kg1 Rd2 43. Rxh7+ Rxh7 44. Rxh7+ Qxh7 45. Qc4 c2 46. Qc8+ Kg7
47. Qc7+ Kh6 48. Qc3 Rd6 49. Nxc2 Qd7 50. Nd4 Rb6 51. Qc2 Kg7 52. Nf5+ Kh8 53.
Nd4 Rb7 54. Qg6 Qf7 55. Qxf7 Rxf7 56. Kf2 Ra7 57. g4 Rxa2+ 58. Kf3 Kg7 59. Ke4
Rg2 60. Kf5 Rg3 61. e4 Kf7 62. Ne6 Ra3 63. e5 fxe5 64. fxe5 Rf3+ 1/2-1/2

[Event "Guernsey Holiday"]
[Site "GCI"]
[Date "2005.10.20"]
[Round "5"]
[White "Brooker, Chris H"]
[Black "Cross, Ian K"]
[Result "1/2-1/2"]
[WhiteElo "1700"]
[BlackElo "1544"]
[PlyCount "48"]
[EventDate "2005.10.16"]

1. f4 d5 2. Nf3 c5 3. e3 Nf6 4. b3 Bg4 5. Bb2 e6 6. Be2 Nc6 7. d3 Bd6 8. O-O
O-O 9. h3 Bxf3 10. Bxf3 e5 11. fxe5 Bxe5 12. Bxe5 Nxe5 13. Nd2 Rc8 14. Be2 Rc7
15. Nf3 Re8 16. c4 Rd7 17. Qc1 dxc4 18. Nxe5 Rxe5 19. bxc4 Rde7 20. e4 Nd7 21.
Qb2 Nb8 22. Rf2 Nc6 23. Rb1 Nd4 24. Bf1 Qc7 1/2-1/2

[Event "Guernsey Holiday"]
[Site "GCI"]
[Date "2005.10.20"]
[Round "5"]
[White "Kershaw, Graham J"]
[Black "Smith, Paul"]
[Result "1-0"]
[WhiteElo "1552"]
[BlackElo "1616"]
[PlyCount "128"]
[EventDate "2005.10.16"]

1. e4 d5 2. exd5 Qxd5 3. d4 c6 4. Nf3 Nf6 5. Be2 Bf5 6. Bf4 e6 7. O-O Be7 8.
Re1 O-O 9. Nbd2 h6 10. Nf1 Bh7 11. Bd3 Bxd3 12. Qxd3 Nbd7 13. Ne3 Qb5 14. Qxb5
cxb5 15. Nf5 Bb4 16. c3 Bxc3 17. Ne7+ Kh7 18. bxc3 g5 19. Bd6 Rfe8 20. Rab1 a6
21. a4 Nb6 22. Ne5 Kg7 23. axb5 Na4 24. bxa6 Rxa6 25. Bb4 Nxc3 26. Bxc3 Rxe7
27. Re2 Nd5 28. Bb2 Ra2 29. Kf1 b5 30. Ra1 Rea7 31. Rxa2 Rxa2 32. Nd3 b4 33.
Rc2 b3 34. Nc1 Nb4 35. Nxa2 Nxc2 36. Nc1 f6 37. Nxb3 Nb4 38. Nc5 Kf7 39. Ke2
Nd5 40. Nd3 h5 41. f3 g4 42. f4 f5 43. Bc1 Nc3+ 44. Kf1 Ne4 45. g3 Nf6 46. Nc5
Nd5 47. Kg2 Ne7 48. Nd3 Nd5 49. Ne5+ Ke8 50. Ba3 Kd8 51. h4 Kc7 52. Ng6 Ne3+
53. Kf2 Nc4 54. Bc5 Kc6 55. Ne7+ Kb5 56. Ng8 Nd2 57. Nf6 Kc4 58. Nxh5 Ne4+ 59.
Kg2 Nxc5 60. dxc5 Kxc5 61. Ng7 Kd6 62. h5 Ke7 63. h6 Kf7 64. Nxe6 Kg6 1-0

[Event "Guernsey Holiday"]
[Site "GCI"]
[Date "2005.10.20"]
[Round "5"]
[White "Hearty, Ray"]
[Black "Kearsley, Raymond J"]
[Result "0-1"]
[WhiteElo "1479"]
[BlackElo "1608"]
[PlyCount "125"]
[EventDate "2005.10.16"]

1. d4 Nf6 2. e3 g6 3. c3 Bg7 4. f4 O-O 5. Nf3 d6 6. Bd3 c5 7. O-O Nc6 8. Nbd2
Bd7 9. Ne4 cxd4 10. Nxf6+ Bxf6 11. exd4 Rc8 12. Qe1 a6 13. Qg3 Kh8 14. h4 Qa5
15. Ng5 Bf5 16. Bxf5 Qxf5 17. Qf2 b5 18. Qf3 h5 19. g3 d5 20. Be3 Kg7 21. Rac1
Na5 22. Qe2 Nc4 23. Nf3 Rc7 24. Ne5 Nd6 25. Nd3 Ne4 26. Kh2 Nd6 27. Nc5 a5 28.
b4 a4 29. a3 Rfc8 30. Bg1 e6 31. Kg2 Be7 32. Kh2 Qg4 33. Qxg4 hxg4 34. Rfe1 Nc4
35. Ra1 Nd2 36. Kg2 Nf3 37. Re2 Kf6 38. Rd1 Kf5 39. Bf2 Rc6 40. Bg1 f6 41. Bf2
R8c7 42. Bg1 g5 43. hxg5 fxg5 44. fxg5 Bxg5 45. Be3 Bxe3 46. Rxe3 Rh7 47. Rh1
Rxh1 48. Kxh1 Nd2 49. Re5+ Kf6 50. Re2 Nb1 51. Ra2 Kg5 52. Ra1 Nd2 53. Re1 Kf6
54. Re2 Nb1 55. Rf2+ Ke7 56. Rf4 Nxa3 57. Rxg4 Nb1 58. Rg7+ Kf6 59. Rb7 Nxc3
60. Ra7 Ne2 61. Nxa4 bxa4 62. Rxa4 Nxg3+ 63. Kg2 0-1

[Event "Guernsey Holiday"]
[Site "GCI"]
[Date "2005.10.20"]
[Round "5"]
[White "Van Rooijen, Gerardus C"]
[Black "Kok, Franciscus"]
[Result "0-1"]
[WhiteElo "1560"]
[BlackElo "1676"]
[PlyCount "114"]
[EventDate "2005.10.16"]

1. d4 Nf6 2. c4 e6 3. Nc3 Bb4 4. a3 Bxc3+ 5. bxc3 Ne4 6. Qd3 f5 7. Nf3 d6 8. g3
c5 9. d5 Qa5 10. Bd2 Nxd2 11. Qxd2 e5 12. Bg2 O-O 13. O-O Nd7 14. Ng5 Nf6 15.
e4 fxe4 16. Nxe4 Nxe4 17. Bxe4 Bf5 18. Rfe1 Bxe4 19. Rxe4 Rf3 20. Re3 Raf8 21.
Rxf3 Rxf3 22. Kg2 Qxc3 23. Qd1 Rf6 24. Rb1 b6 25. Qg4 Qxa3 26. Qc8+ Rf8 27.
Qe6+ Kh8 28. Rf1 Qf3+ 29. Kg1 Qf6 30. Qd7 Ra8 31. Qc6 Qd8 32. Re1 Rc8 33. Qa4
Rc7 34. f4 Re7 35. fxe5 dxe5 36. Re4 Qe8 37. Qd1 Qd7 38. Qe2 Qd6 39. Qg4 Re8
40. Qh5 g6 41. Qf3 Kg7 42. Qe3 b5 43. h4 h6 44. Qb3 b4 45. Qa4 Re7 46. Qa1 Qf6
47. Qd1 Rd7 48. Qa4 Rb7 49. Qb3 a5 50. Qb2 Re7 51. Qd2 a4 52. d6 Rd7 53. Qd5
Qxd6 54. Qxe5+ Qxe5 55. Rxe5 Rc7 56. Re6 Ra7 57. Rc6 a3 0-1

[Event "Guernsey Holiday"]
[Site "GCI"]
[Date "2005.10.20"]
[Round "5"]
[White "Haisma, Henk"]
[Black "Rowe, Oliver"]
[Result "1/2-1/2"]
[WhiteElo "1654"]
[BlackElo "1530"]
[PlyCount "38"]
[EventDate "2005.10.16"]

1. b4 e6 2. Bb2 Nf6 3. a3 c5 4. bxc5 Bxc5 5. e3 d5 6. Nf3 Nbd7 7. d3 Qb6 8. Qc1
Ng4 9. d4 Bd6 10. h3 Ngf6 11. c4 dxc4 12. Bxc4 Qa5+ 13. Nbd2 e5 14. Bc3 Qc7 15.
dxe5 Nxe5 16. Bxe5 Bxe5 17. Nxe5 Qxe5 18. Nf3 Qa5+ 19. Qd2 Qxd2+ 1/2-1/2

[Event "Guernsey Holiday"]
[Site "GCI"]
[Date "2005.10.20"]
[Round "5"]
[White "Rietveld, Andre"]
[Black "Bakkes, Frits"]
[Result "1/2-1/2"]
[WhiteElo "1538"]
[BlackElo "1639"]
[PlyCount "65"]
[EventDate "2005.10.16"]

1. e4 c5 2. f4 Nc6 3. Nf3 d6 4. c3 e5 5. Bc4 Nf6 6. d3 a6 7. a4 Bg4 8. O-O exf4
9. Bxf4 Be7 10. h3 Bxf3 11. Qxf3 O-O 12. Nd2 Nd7 13. Qg3 Bh4 14. Qe3 Qe7 15.
Nf3 Bf6 16. Bg5 Bxg5 17. Nxg5 {(=)} Nce5 18. Ba2 h6 19. Nf3 b5 20. Bd5 Rae8 21.
axb5 axb5 22. Ra7 Qd8 23. Nxe5 {(=)} Nxe5 24. d4 Nd7 25. dxc5 dxc5 26. Ra8 Qe7
27. Rxe8 Qxe8 28. Bc6 Qe6 29. Bxb5 Nf6 30. Re1 Qb3 31. Qxc5 Qxb2 32. c4 Ra8 33.
e5 1/2-1/2

[Event "Guernsey Holiday"]
[Site "GCI"]
[Date "2005.10.20"]
[Round "5"]
[White "Ince, Darren"]
[Black "Foster, Paul"]
[Result "1/2-1/2"]
[WhiteElo "1552"]
[BlackElo "1608"]
[PlyCount "29"]
[EventDate "2005.10.16"]

1. d4 Nf6 2. Nf3 e6 3. Bg5 Be7 4. Nbd2 b6 5. e3 Ba6 6. Be2 Bxe2 7. Qxe2 a5 8.
O-O Nd5 9. Bxe7 Qxe7 10. c4 Nf6 11. Ne5 O-O 12. a3 Na6 13. Nd3 c5 14. dxc5 Nxc5
15. Nxc5 1/2-1/2

[Event "Guernsey Holiday"]
[Site "GCI"]
[Date "2005.10.20"]
[Round "5"]
[White "Palmer, Eric"]
[Black "Hale, Ronald"]
[Result "1/2-1/2"]
[WhiteElo "1555"]
[BlackElo "1424"]
[PlyCount "38"]
[EventDate "2005.10.16"]

1. e4 d5 2. exd5 Nf6 3. d4 Nxd5 4. c4 Nf6 5. Nc3 e6 6. a3 Be7 7. Nf3 b6 8. g3
Bb7 9. Bg2 O-O 10. O-O Nbd7 11. Ne5 Bxg2 12. Kxg2 Nxe5 13. dxe5 Ne8 14. Qe2 Qc8
15. Be3 Qb7+ 16. Kg1 c5 17. f4 g6 18. Qg2 Qxg2+ 19. Kxg2 f5 1/2-1/2

[Event "Guernsey Holiday"]
[Site "GCI"]
[Date "2005.10.20"]
[Round "5"]
[White "Van Beek, Ronald"]
[Black "Collins, Alan"]
[Result "1/2-1/2"]
[WhiteElo "1375"]
[BlackElo "1528"]
[PlyCount "50"]
[EventDate "2005.10.16"]

1. d4 f5 2. Nf3 Nf6 3. Bf4 e6 4. e3 Be7 5. Be2 O-O 6. O-O d6 7. Nbd2 Nh5 8. Bg3
Nxg3 9. fxg3 d5 10. c3 c5 11. b3 Nc6 12. Qc2 Bd7 13. Bd3 Rc8 14. Rf2 cxd4 15.
exd4 Nb4 16. Qb1 Rxc3 17. Ne5 Nxd3 18. Nxd3 Rc8 19. Qe1 Bf6 20. Nf3 Qb6 21.
Nde5 Bxe5 22. Nxe5 Bb5 23. Rd1 Rf6 24. Rf4 g5 25. Rf2 Kg7 1/2-1/2

[Event "Guernsey Holiday"]
[Site "GCI"]
[Date "2005.10.20"]
[Round "5"]
[White "Dokter, Marike"]
[Black "Nalichowski, Seb"]
[Result "0-1"]
[WhiteElo "1416"]
[BlackElo "1550"]
[PlyCount "42"]
[EventDate "2005.10.16"]

1. e4 e6 2. d4 d5 3. exd5 exd5 4. Nf3 Bd6 5. Be3 Ne7 6. Bd3 Bf5 7. O-O O-O 8.
Bg5 f6 9. Be3 c6 10. Nc3 Qc7 11. Ne2 Nd7 12. Qd2 Bxd3 13. Qxd3 Rae8 14. Ng3
Bxg3 15. hxg3 Ng6 16. Nh4 Nxh4 17. gxh4 Re4 18. g3 Rfe8 19. c4 Rxe3 20. fxe3
Qxg3+ 21. Kh1 Rxe3 0-1

[Event "Guernsey Holiday"]
[Site "GCI"]
[Date "2005.10.20"]
[Round "5"]
[White "Cox, Reginald E"]
[Black "O'Connor, Jonathan"]
[Result "0-1"]
[WhiteElo "1120"]
[BlackElo "1605"]
[PlyCount "84"]
[EventDate "2005.10.16"]

1. Nf3 c5 2. c4 g6 3. e3 Bg7 4. d4 cxd4 5. exd4 Nf6 6. Nc3 O-O 7. Be2 d6 8. O-O
b6 9. Be3 Nbd7 10. Qd2 Bb7 11. Bh6 Rc8 12. Bxg7 Kxg7 13. b3 Qc7 14. Nb5 Qb8 15.
Rfe1 d5 16. Qe3 dxc4 17. bxc4 a6 18. Nc3 Bxf3 19. Qxf3 h5 20. h3 e5 21. Ne4
exd4 22. Nxf6 Nxf6 23. Bd3 Rfe8 24. a4 Rxe1+ 25. Rxe1 Re8 26. Rxe8 Qxe8 27. Qe2
Qxe2 28. Bxe2 Ne4 29. Bd1 Nc3 30. Bb3 d3 31. Kf1 Kf6 32. Ke1 Ke5 33. Kd2 Kd4
34. f3 a5 35. g3 f6 36. h4 Nb1+ 37. Kc1 Na3 38. Kd2 Nxc4+ 39. Bxc4 Kxc4 40. g4
Kd4 41. gxh5 gxh5 42. f4 f5 0-1

[Event "Guernsey Holiday"]
[Site "GCI"]
[Date "2005.10.20"]
[Round "5"]
[White "Newrick, William R"]
[Black "Collier, Michael J"]
[Result "1/2-1/2"]
[WhiteElo "1400"]
[BlackElo "1520"]
[PlyCount "55"]
[EventDate "2005.10.16"]

1. d4 d5 2. e3 e6 3. c4 Nf6 4. Nc3 Nbd7 5. Nf3 Bb4 6. a3 Bxc3+ 7. bxc3 O-O 8.
Qc2 dxc4 9. Bxc4 c5 10. O-O cxd4 11. exd4 Nb6 12. Bd3 h6 13. Bf4 Bd7 14. h3 Rc8
15. Qd2 Nfd5 16. Bd6 Re8 17. Rac1 Bc6 18. Bc5 Qf6 19. Ne5 Nd7 20. Nxd7 Bxd7 21.
Bd6 a6 22. c4 Nc7 23. c5 Nb5 24. Be5 Qd8 25. a4 Nc7 26. a5 Bc6 27. Rb1 Qd5 28.
f3 1/2-1/2

[Event "Guernsey Holiday"]
[Site "GCI"]
[Date "2005.10.20"]
[Round "5"]
[White "Woodward, Pauline"]
[Black "Nalichowski, Bogdan"]
[Result "1-0"]
[WhiteElo "1296"]
[BlackElo "1480"]
[PlyCount "161"]
[EventDate "2005.10.16"]

1. e4 c5 2. c3 e5 3. Nf3 d6 4. d4 exd4 5. cxd4 cxd4 6. Nxd4 a6 7. Bd3 Nf6 8.
O-O Bg4 9. Qb3 Bc8 10. Nc3 Be7 11. Bf4 O-O 12. Rad1 b5 13. Nd5 Ra7 14. Nxe7+
Rxe7 15. Rfe1 Nh5 16. Be3 Rd7 17. Bc2 g6 18. Bh6 Re8 19. Qf3 Bb7 20. Qg4 Qf6
21. Qg5 Re5 22. Qxf6 Nxf6 23. Nf3 Rc5 24. Bd3 b4 25. Be3 Ra5 26. Bd4 Ng4 27. h3
Ne5 28. Bc2 Nxf3+ 29. gxf3 Rxa2 30. Bb3 Ra5 31. h4 Kf8 32. Bf6 Nc6 33. Rd2 Ne5
34. Kg2 Rc7 35. Rxd6 Nd7 36. Bd8 Rac5 37. Bxc7 Rxc7 38. Ba4 Ne5 39. Rd8+ Ke7
40. Re8+ Kf6 41. Rd1 Nc4 42. e5+ Nxe5 43. Rd6+ Kf5 44. Bd1 Rc1 45. Bb3 Bxf3+
46. Kh2 Rh1+ 47. Kg3 Rg1+ 48. Kh2 Rh1+ 49. Kg3 Be4 50. Rd1 Rxd1 51. Bxd1 h5 52.
Rc8 Kf6 53. Rb8 a5 54. f3 Kg7 55. fxe4 Kf6 56. Ba4 Nd3 57. b3 Nc5 58. Kf3 Ke5
59. Ke3 Kf6 60. Rb5 Ne6 61. Rxa5 g5 62. hxg5+ Nxg5 63. Rf5+ Kg6 64. Rf1 h4 65.
Rg1 f6 66. Kf4 Kh6 67. Kf5 h3 68. Rg4 Kh5 69. Bc6 Nf3 70. Be8+ Kh6 71. Rg3 Ng5
72. e5 h2 73. Bc6 Kh5 74. exf6 Kh4 75. Rxg5 Kh3 76. Rg8 h1=Q 77. Bxh1 Kh2 78.
Kf4 Kxh1 79. Kf3 Kh2 80. Rg6 Kh3 81. Rh6# 1-0